Komíny /

Salvato in:
Dettagli Bibliografici
Autore principale: Jiřík, František (Autore)
Natura: Libro
Lingua:ceco
Pubblicazione: Praha: Grada Publishing, 2009
Edizione:3. prepracované vydanie
Serie:Profi & hobby
Soggetti:
Tags: Aggiungi Tag
Nessun Tag, puoi essere il primo ad aggiungerne!!

MARC

LEADER 00000nam a22000003a 4500
001 0094023
003 SK-STU
005 20220216135314.2
007 ta
008 220216s ----xo-----e------000-0-----d
020 |a 978-80-247-2823-0 
040 |a STU  |b slo 
041 0 |a cze  |h cze 
044 |a xr 
100 1 |a Jiřík, František  |4 aut 
245 1 0 |a Komíny /  |c aut. František Jiřík 
250 |a 3. prepracované vydanie 
260 |a Praha:  |b Grada Publishing,  |c 2009 
300 |a 128 s. 
490 0 |a Profi & hobby 
650 0 7 |a komíny 
996 |b 284V037736  |c V* 53328/O-24488  |l VVT  |s A  |a 24  |w 0094023_0001 
996 |b 284V037737  |c V* 53329/O-24489  |l VVS  |s A  |a 24  |w 0094023_0002